00000000nam##2200000za#4500
0019.618690
003CaOODSP
00520210615103007
007ta
008150406|2007||||xxc|||||     f|0| 0 eng|d
022 |a0706-6457
040 |aCaOODSP|beng
043 |an-cn---
0861 |aFs97-6/2774E
1101 |aCanada. |bDepartment of Fisheries and Oceans.
24510|aEcologically and biologically significant areas of the Scotian shelf and environs: a compilation of scientific expert opinion / |cby P. Doherty and T. Horsman.
260 |aDartmouth - Nova Scotia : |bFisheries and Oceans Canada |c2007.
300 |axi, 57p. : |bmaps, references, tables ; |c28 cm.
4901 |aCanadian technical report of fisheries and aquatic sciences|x0706-6457|v2774
500 |a"Oceans and Habitat Branch, Maritimes Region, Fisheries and Oceans Canada, Bedford Institute of Oceanography, PO Box 1006, Dartmouth, Nova Scotia, B2Y 4A2."
5203 |aThis is part of a series of compendiums of recent broadcasting decisions, public notices, notices of public hearing, circulars, and news releases published by the Commission. An independent agency responsible for regulating Canada’s broadcasting and telecommunications systems, the Commission reports to Parliament through the Minister of Canadian Heritage.
546 |a(Résumé en français.)
563 |aSpiral binding
590 |a08-08|b2008-02-22
69007|aAquatic ecosystems|2gcpds
69007|aAtlantic provinces|2gcpds
7201 |aDoherty, P.
7201 |aHorsman, T. L.
7760#|tEcologically and biologically significant areas of the Scotian shelf and environs : |w(CaOODSP)9.574381
830#0|aCanadian technical report of fisheries and aquatic sciences,|x0706-6457|v2774|w(CaOODSP)9.514691